Guía de las murallas romanas de Lugo / (Record no. 19584)

MARC details
000 -LEADER
campo de control de longitud fija 00580nam a2200181 i 4500
001 - NÚMERO DE CONTROL
campo de control 19584
003 - IDENTIFICADOR DE NÚMERO DE CONTROL
campo de control ES-MaACL
005 - FECHA Y HORA DE LA ÚLTIMA TRANSACCIÓN
campo de control 20230906152128.0
007 - CAMPO FIJO DE DESCRIPCIÓN FÍSICA--INFORMACIÓN GENERAL
campo de control de longitud fija t|
008 - DATOS DE LONGITUD FIJA--INFORMACIÓN GENERAL
campo de control de longitud fija 021004s1975 sp ||||1| spa d
100 1# - ENTRADA PRINCIPAL--NOMBRE DE PERSONA
Nombre de persona Abel Vilela, Adolfo de,
Fechas asociadas al nombre 1946-
9 (RLIN) 18035
245 10 - MENCIÓN DEL TÍTULO
Título Guía de las murallas romanas de Lugo /
Mención de responsabilidad, etc. por Adolfo de Abel Vilela.
260 ## - PUBLICACIÓN, DISTRIBUCIÓN, ETC.
Lugar de publicación, distribución, etc. [Madrid] :
Nombre del editor, distribuidor, etc. Dirección General del Patronato Artístico y Cultural,
Fecha de publicación, distribución, etc. [1975]
300 ## - DESCRIPCIÓN FÍSICA
Extensión 64 p., 57 lám. ;
Dimensiones 20 cm.
650 #4 - PUNTO DE ACCESO ADICIONAL DE MATERIA--TÉRMINO DE MATERIA
Término de materia o nombre geográfico como elemento de entrada Murallas-
Subdivisión geográfica Lugo.
9 (RLIN) 155661
852 ## - LOCALIZACIÓN
Ubicación ES-MaACL
Número de control de estantería L-3508
Sublocalización o colección R.104276
Holdings
Estatus retirado Estado de pérdida Estado de daño No para préstamo Biblioteca de origen Biblioteca actual Ubicación en estantería Fecha de adquisición Fuente de adquisición Total de préstamos Signatura topográfica completa Código de barras Visto por última vez Precio de reemplazo Tipo de ítem Koha
        Biblioteca del Ateneo de Madrid Biblioteca del Ateneo de Madrid Depósito 2 17/01/2008     L-3508 1020037 23/02/2023 23/02/2023 Libro impreso